Gaming Quiz

Random Gaming or Nintendo Quiz

All Mario Kart Tracks by Image Quiz Stats

 Plays Quiz not verified by Sporcle

Score 0/145 Timer 20:00
2 Plays Today
% Correct
MC1
63.8%
DP1
51.7%
GV1
48.9%
BC1S
44.8%
GV2
42%
RR64
42%
RRGC
42%
BC3S
41.4%
GV3
41.4%
KB2
41.4%
VL1
41.4%
RRDS
41.4%
BCDS
41.4%
MC2
40.8%
MC4
40.2%
DP2
40.2%
CI1
40.2%
CI2
40.2%
RRSN
40.2%
MMF
40.2%
WS64
40.2%
BB
40.2%
BP
40.2%
YV
39.7%
RRGBA
39.1%
TT
39.1%
CM
39.1%
MCWII
39.1%
LCWII
39.1%
YC
39.1%
CM
39.1%
EA
39.1%
BC2S
38.5%
MC3
38.5%
DC
38.5%
LM
38.5%
WLP
38.5%
TTC
38.5%
MT
38.5%
SA
38.5%
KB1
37.9%
FS
37.9%
WSDS
37.9%
BC64
37.9%
BC8
37.9%
F8C
37.9%
E
37.9%
AC
37.9%
RRWII
37.4%
% Correct
LR
37.4%
KD
37.4%
RIBR
37.4%
WC
37.4%
WGM
37.4%
DP3
36.8%
SL64
36.8%
RR
36.8%
BC3DS
36.8%
TF
36.8%
YF
36.8%
CCB
36.8%
AF
36.8%
MKS
36.8%
VL2
36.2%
MR
36.2%
BCGC
36.2%
BCWII
36.2%
DKJP
36.2%
PB
36.2%
DH
36.2%
PG
36.2%
MMM
36.2%
DC
36.2%
SBS
36.2%
CL
35.6%
DS
35.6%
GV
35.6%
TR
35.6%
DD
35.6%
RR3DS
35.1%
MB
35.1%
DDJ
35.1%
WLS
35.1%
DDR
35.1%
MH
35.1%
MP
35.1%
SLGC
34.5%
BC4
34.5%
MC
34.5%
DKM
34.5%
DKP
34.5%
MG
34.5%
DKS
34.5%
SGB
34.5%
RIW
34.5%
MC
34.5%
RR8
33.9%
BC1
33.9%
% Correct
BC2
33.9%
MCGC
33.9%
MCDS
33.9%
SSC
33.9%
SGF
33.9%
HC
33.9%
SGB
33.3%
LCGC
33.3%
DS
33.3%
BB
33.3%
KTB
32.8%
MC8
32.8%
SG
32.8%
SR
32.8%
KC
32.8%
WL
32.8%
DKJ
32.8%
SL
32.2%
TM
32.2%
BC3
31.6%
MC3DS
31.6%
BP
31.6%
TC
31.6%
DH
31.6%
MW
31.6%
YD
31%
RRM
31%
WS
31%
NBC
31%
CC
31%
PC
30.5%
LCGBA
30.5%
PPS
30.5%
WP
30.5%
TH
30.5%
IIO
30.5%
MCGBA
29.9%
SW
29.9%
DDD
29.9%
WW
29.9%
BL
29.3%
MW
29.3%
LP
28.2%
RP
27.6%
BDD
27%
CCL
25.3%
CCI
24.7%

You're not logged in!

Compare scores with friends on all Sporcle quizzes.
OR
Log In

Show Comments

Extras

Top Quizzes Today


Score Distribution

Your Account Isn't Verified!

In order to create a playlist on Sporcle, you need to verify the email address you used during registration. Go to your Sporcle Settings to finish the process.

Report this User

Report this user for behavior that violates our Community Guidelines.

Details: